Letter forms: 110 complete alphabets

Shranjeno v:
Bibliografske podrobnosti
Glavni avtor: Lambert, Frederick W (Author)
Drugi avtorji: Menten, Theodore (autor)
Format: Knjiga
Jezik:angleščina
Izdano: Nueva York Dover 1972
Serija:Dover books on lettering, graphic arts and printing
Teme:
Oznake: Označite
Brez oznak, prvi označite!

MARC

LEADER 00000nam a2200000 a 4500
001 UCV8582
003 CL-VaPUC
008 911015e19720000US |||||||||||||||||eng|d
082 0 4 |a 686.224  |b LAM  |2 21 
100 |a Lambert, Frederick W  |e author  |9 327900 
700 |a Menten, Theodore  |e autor  |9 330994 
245 1 0 |a Letter forms: 110 complete alphabets 
300 |a 110 p 
942 |c BK 
945 |d 19911015 00:00:00 
260 |a Nueva York  |b Dover  |c 1972 
650 7 |a LETRAS ORNAMENTALES  |2 CL-VaPUC  |9 302612 
650 0 |a Alfabetos  |9 265604 
583 |a last modification  |c 19911015 00:00:00  |k Rodrigo Vera 
490 0 |a Dover books on lettering, graphic arts and printing 
999 |c 214072  |d 214070 
952 |0 0  |1 0  |4 0  |6 686_224000000000000_LAM_1972  |7 0  |8 A  |9 197105  |a BIBARQ  |b BIBARQ  |d 2019-11-14  |i 2648385  |o 686.224 LAM 1972  |p 2648385  |r 2025-01-20  |w 2019-11-14  |y BK  |k ARQ